|
|
|
|
| LEADER |
00664nab a2200181 i 4500 |
| 001 |
acta27240 |
| 005 |
20210223143005.0 |
| 008 |
161017s1985 hu o 0|| hun d |
| 022 |
|
|
|a 1219-0039
|
| 040 |
|
|
|a SZTE Egyetemi Kiadványok Repozitórium
|b hun
|
| 041 |
|
|
|a hun
|
| 100 |
2 |
|
|a Miruné Kittler Júlia
|
| 245 |
1 |
2 |
|a A tanítási órák szerkezeti felépítése — tanóramodellek és -jellegek
|h [elektronikus dokumentum] /
|c Miruné Kittler Júlia
|
| 260 |
|
|
|c 1985
|
| 300 |
|
|
|a 152-157
|
| 490 |
0 |
|
|a Módszertani közlemények
|v 25 No. 3
|
| 695 |
|
|
|a Neveléstudomány
|
| 856 |
4 |
0 |
|u http://acta.bibl.u-szeged.hu/27240/1/modszertani_025_003_152-157.pdf
|z Dokumentum-elérés
|